Przypasuj powiat kujawsko-pomorskiego do wyróżnika samochodowego - Statystyki

Ogólne statystyki
  • Ten quiz został rozwiązany 10 razy
  • Średni wynik to 15 z 23
Odpowiedzi na mapie
Odpowiedzi zakodowano w zielono-czerwonej skali na mapie do tego quizu, zgodnie z poniższymi procentami.
 
Statystyki odpowiedzi
Odpowiedź % Poprawnych
CB
100%
CBY
100%
CT
100%
CTR
100%
CG
86%
CSW
86%
CW
86%
CWL
86%
CBR
71%
CGR
71%
CAL
57%
CGD
57%
CIN
57%
CNA
57%
CRY
57%
CTU
57%
CZN
57%
CCH
43%
CLI
43%
CMG
43%
CRA
43%
CSE
43%
CWA
43%
Nie znaleziono quizów pasujących do podanych kryteriów
Rozkład punktacji
Procent ludzi z każdym wynikiem
Percentyl według liczby udzielonych odpowiedzi
Twoja historia wyników
Nie rozwiązałeś tego quizu